| 000 | 00981pam a2200301 i 4500 | ||
|---|---|---|---|
| 001 | 015986579 | ||
| 003 | OSt | ||
| 005 | 20201128021037.0 | ||
| 008 | 111129t2013 at a frbd 001 0 eng d | ||
| 020 | _a9781111969769 (paperback) | ||
| 020 | _a1111969760 (paperback) | ||
| 040 |
_aStDuBDS _beng _cStDuBDS _erda _dUk |
||
| 082 | 0 | 0 |
_a658.4092 _222 _bACH |
| 100 | 1 |
_aAchua, Christopher F., _d1961- _935769 |
|
| 245 | 1 | 0 |
_aEffective leadership / _cChristopher F. Achua, Robert N. Lussier. |
| 250 | _a5th ed., international ed. | ||
| 260 |
_a[Canberra] : _bSouth-Western Cengage Learning, _cc.2013. |
||
| 300 |
_axxx, 534 p. : _bill. (col.) ; _c26 cm. |
||
| 500 | _aIncludes appendix. | ||
| 500 | _aGlossary : p. 490-496. | ||
| 500 | _aIndex : p. 526-534. | ||
| 504 | _aBibliography : p. 497-525. | ||
| 650 | 0 |
_aLeadership _91000 |
|
| 653 |
_bBUSADM _cMarch2014 _cMarch2015 |
||
| 655 |
_vreading book _934232 |
||
| 700 | 1 |
_aLussier, Robert N. _935768 |
|
| 942 |
_2ddc _k658.4092 ACH |
||
| 999 |
_c18163 _d18135 |
||